000 00310nam a22001217a 4500
999 _c14834
_d14834
020 _a9788171641345
082 _a630.028
_bICA/HA
245 _aHandbook of Agricultural engineering
260 _aNew Delhi
_bindian Council of Agricultural Research
_c2016
300 _a808p
700 _aICAR
_92054
942 _cBK